00840nam a2200241 i 4500001000300000100002400003245008800027260005100115300002600166504004100192650004300233655003000276020001500306040000800321041000700329080002000336920001800356942000700374008004100381999001700422856009800439952006100537bg1 aKOSIKOWSKI, Cezary.10aZezwolenia na działalność gospodarczą w prawie polskim /cCezary Kosikowski. aWarszawa :bPolskie Wydaw. Ekonomiczne,c1997. a231, [1] s. ;c21 cm. aWykaz aktów prawnych s. 225-[232]. 9aPrawo gospodarczexzagadnieniazPolska aPodręczniki akademickie a8320810620 cBPK0 apl a346(438)(075.8) a83-208-1062-0 cKS s pl f |000 0 pol  c37467d37467 uhttp://koha.tu.koszalin.pl/cgi-bin/koha/opac-detail.pl?biblionumber=37467yKatalog online BPK 00104070aBPKbBPKcwo53702p01494464s2013-12-17yKS